|
|
|
|
| LEADER |
03364cam a2200769 i 4500 |
| 001 |
nkc20172958342 |
| 003 |
CZ PrNK |
| 005 |
20180208090521.0 |
| 007 |
ta |
| 008 |
171106s2017 xr aeh e 000 0dcze d |
| 015 |
|
|
|a cnb002958342
|
| 020 |
|
|
|a 978-80-87338-75-9
|q (vázáno)
|
| 035 |
|
|
|a (OCoLC)1028231878
|
| 040 |
|
|
|a OSA001
|b cze
|d BOA001
|e rda
|
| 043 |
|
|
|a e-xr---
|b e-xr-pl
|2 czenas
|
| 072 |
|
7 |
|a 94(437)
|x Dějiny Česka a Slovenska
|2 Konspekt
|9 8
|
| 080 |
|
|
|a 930.253
|2 MRF
|
| 080 |
|
|
|a 77.039
|2 MRF
|
| 080 |
|
|
|a 94(437.317)
|2 MRF
|
| 080 |
|
|
|a (093)
|2 MRF
|
| 080 |
|
|
|a (048.8:082)
|2 MRF
|
| 100 |
1 |
|
|a Eisenhammer, Miroslav,
|d 1972-
|7 jo2004249913
|4 aut
|
| 245 |
1 |
0 |
|a 100 zajímavostí z plzeňských archivů /
|c Miroslav Eisenhammer, Kateřina Fantová, Pavla Karásková, Ladislava Nohovcová, Ludmila Novotná, Michal Peleška, Anna Peřinová, Michael Pešťák, Karel Řeháček, Hana Říhová, Adam Skála, Radoslava Šestáková, Jan Vaňata, Eva Wasková
|
| 246 |
3 |
|
|a Sto zajímavostí z plzeňských archivů
|
| 250 |
|
|
|a Vydání první
|
| 264 |
|
1 |
|a Plzeň :
|b Starý most,
|c 2017
|
| 300 |
|
|
|a 167 stran :
|b ilustrace (některé barevné), portréty, plány, faksimile ;
|c 23 cm
|
| 336 |
|
|
|a text
|b txt
|2 rdacontent
|
| 336 |
|
|
|a statický obraz
|b sti
|2 rdacontent
|
| 337 |
|
|
|a bez média
|b n
|2 rdamedia
|
| 338 |
|
|
|a svazek
|b nc
|2 rdacarrier
|
| 504 |
|
|
|a Obsahuje bibliografii a bibliografické odkazy
|
| 610 |
2 |
7 |
|a Archiv města Plzně
|7 ko2002102852
|2 czenas
|
| 610 |
2 |
7 |
|a Státní oblastní archiv v Plzni
|7 mzk2003207753
|2 czenas
|
| 610 |
2 |
7 |
|a Plzeňský Prazdroj (firma : 1994- ).
|b Archiv
|7 pna2013796925
|2 czenas
|
| 650 |
0 |
7 |
|a archivy
|7 ph114080
|z Česko
|2 czenas
|
| 650 |
0 |
7 |
|a archiválie
|7 ph207654
|z Česko
|2 czenas
|
| 650 |
0 |
7 |
|a historické fotografie
|7 ph135159
|z Česko
|2 czenas
|
| 650 |
0 |
9 |
|a archives
|z Czechia
|2 eczenas
|
| 650 |
0 |
9 |
|a records
|z Czechia
|2 eczenas
|
| 650 |
0 |
9 |
|a historical photographs
|z Czechia
|2 eczenas
|
| 651 |
|
7 |
|a Plzeň (Česko)
|7 ge130439
|x dějiny
|2 czenas
|
| 651 |
|
9 |
|a Plzeň (Czechia)
|x history
|2 eczenas
|
| 655 |
|
7 |
|a prameny
|7 fd131865
|2 czenas
|
| 655 |
|
7 |
|a kolektivní monografie
|7 fd501537
|2 czenas
|
| 655 |
|
9 |
|a sources
|2 eczenas
|
| 655 |
|
9 |
|a collective monographs
|2 eczenas
|
| 700 |
1 |
|
|a Fantová, Kateřina,
|d 1989-
|7 xx0208825
|4 aut
|
| 700 |
1 |
|
|a Karásková, Pavla
|7 pna2017971111
|4 aut
|
| 700 |
1 |
|
|a Nohovcová, Ladislava,
|d 1962-
|7 kup19960000070705
|4 aut
|
| 700 |
1 |
|
|a Novotná, Ludmila,
|d 1972-
|7 pna2017971116
|4 aut
|
| 700 |
1 |
|
|a Peleška, Michal,
|d 1977-
|7 pna2017971117
|4 aut
|
| 700 |
1 |
|
|a Peřinová, Anna,
|d 1985-
|7 jo2016937168
|4 aut
|
| 700 |
1 |
|
|a Pešťák, Michael
|7 pna2017971118
|4 aut
|
| 700 |
1 |
|
|a Řeháček, Karel,
|d 1972-
|7 mzk2003180635
|4 aut
|
| 700 |
1 |
|
|a Říhová, Hana,
|d 1980-
|7 xx0194209
|4 aut
|
| 700 |
1 |
|
|a Skála, Adam,
|d 1977-
|7 xx0088752
|4 aut
|
| 700 |
1 |
|
|a Šestáková, Radoslava,
|d 1940-
|7 xx0196728
|4 aut
|
| 700 |
1 |
|
|a Vaňata, Jan
|7 pna2017971121
|4 aut
|
| 700 |
1 |
|
|a Wasková, Eva,
|d 1952-
|7 kup19960000110031
|4 aut
|
| 910 |
2 |
|
|a BOA001
|b 2-1402.259
|
| 920 |
|
|
|a 000725789
|z OSA001
|
| 990 |
|
|
|a BK
|
| 995 |
|
|
|a 01
|
| 991 |
|
|
|b 201801
|c NOV
|
| 996 |
6 |
|
|b 2610731210
|c 2-1402.259
|l MZK
|r Sklad / do 1 hodiny
|n 1
|p p.v.
|w 001647415
|u 000010
|a 1
|e BOA001
|j MZK50
|s P
|
| 996 |
7 |
|
|b 2610734285
|c 2-1402.259
|l MZK
|r Sklad / do 1 hodiny
|n 3
|p kup
|w 001647415
|u 000020
|a 1
|e BOA001
|j MZK50
|s A
|